[Event "Munich Laimer op 2nd"]
[Site "Munich"]
[Date "2023.05.30"]
[Round "8"]
[White "Kazarian, Anna Maja"]
[Black "Restorff, Felix"]
[Result "1/2-1/2"]
[WhiteElo "2170"]
[BlackElo "1953"]
[PlyCount "94"]
[EventDate "2023.05.26"]
[EventType "swiss"]
[EventRounds "9"]
[EventCountry "GER"]
[SourceTitle "CBM 214 Extra"]
[Source "ChessBase"]
[SourceDate "2023.07.31"]
[SourceVersion "1"]
[SourceVersionDate "2023.07.31"]
[SourceQuality "1"]

1. e4 c6 2. c4 d5 3. exd5 cxd5 4. cxd5 Nf6 5. Qa4+ Nbd7 6. Nc3 g6 7. Bc4 Bg7 8. Qb3 0-0 9. Nf3 a6 10. a4 Qa5 11. Qa3 Nb6 12. b4 Nxc4 13. bxa5 Nxa3 14. Bxa3 Nxd5 15. Nxd5 Bxa1 16. 0-0 Bg7 17. Nb6 Be6 18. Bxe7 Rfe8 19. Nxa8 Rxa8 20. Rc1 Rc8 21. Rxc8+ Bxc8 22. d4 Bg4 23. Ne5 Bxe5 24. dxe5 Bd7 25. f4 h5 26. Kf2 Bxa4 27. h3 Bd7 28. Ke3 Bc6 29. g4 hxg4 30. hxg4 Bd7 31. Kf3 Bc6+ 32. Kg3 Bd7 33. Kh4 Kg7 34. Kg5 Bc8 35. Bc5 Bd7 36. f5 gxf5 37. gxf5 Bc8 38. Bd4 Kf8 39. Kf6 Bd7 40. Bc5+ Ke8 41. Bd6 Ba4 42. Kg7 Bb3 43. Bc5 Bc4 44. Kf6 Bb3 45. e6 fxe6 46. fxe6 Bd5 47. Ke5 Bh1 1/2-1/2

[Event "Oberpfalz-ch M2"]
[Site "Roding"]
[Date "2010.03.27"]
[Round "1"]
[White "Restorff, Felix"]
[Black "Fischer, Wolfgang1111"]
[Result "1/2-1/2"]
[WhiteElo "1779"]
[BlackElo "1599"]
[PlyCount "102"]
[EventDate "2010.03.27"]
[EventType "swiss"]
[EventRounds "8"]
[EventCountry "GER"]
[SourceTitle "EXT 2012"]
[Source "ChessBase"]
[SourceDate "2011.11.24"]
[SourceVersion "1"]
[SourceVersionDate "2011.11.24"]
[SourceQuality "1"]

1. Nf3 Nf6 2. c4 c5 3. Nc3 d5 4. cxd5 Nxd5 5. g3 Nxc3 6. bxc3 e6 7. Bg2 Nd7 8. 0-0 Be7 9. Rb1 0-0 10. d4 Bf6 11. Bf4 cxd4 12. cxd4 Re8 13. Qd3 Nb6 14. Rfc1 Nd5 15. Bd2 Ne7 16. Ne1 Qxd4 17. Bxb7 Qxd3 18. Nxd3 Bxb7 19. Rxb7 Nd5 20. Nf4 Nxf4 21. Bxf4 e5 22. Be3 Re7 23. Rxa7 Rexa7 24. Bxa7 Be7 25. Rc7 Ba3 26. Rb7 f6 27. Rb8+ Rxb8 28. Bxb8 Kf7 29. Kg2 Ke6 30. Kf3 f5 31. e4 g6 32. g4 Bc5 33. gxf5+ gxf5 34. exf5+ Kxf5 35. a4 Bb6 36. Ke2 e4 37. Bg3 Kg4 38. Be5 h5 39. Bc3 Kh3 40. a5 Ba7 41. a6 Kxh2 42. Bd2 Kg2 43. Be3 Bb8 44. Bf4 Ba7 45. Be3 Bb8 46. a7 Bxa7 47. Bxa7 h4 48. Bb8 h3 49. Ke3 Kg1 50. Bg3 Kg2 51. Kf4 h2 1/2-1/2